000
00423nam a2200157Ia 4500
008
220531s9999 xx 000 0 und d
041
_a
mar
100
_a
र्
_9
44379
245
_a
देवळाचा धर्म आणि धर्माची देवळे
260
_b
A. N. S.
_c
1999
300
_a
20
542
_d
28-02-2002
650
_a
Sociology
_9
44380
906
_d
2001-2002
999
_c
26290
_d
26290